United Nations Geoscheme/Regions - Statistics

General Stats
  • This quiz has been taken 4 times
  • The average score is 14 of 22
Answers on the Map
Answers color-coded by a green-red scale on the quiz's map according to % correct below.
 
Answer Stats
Answer % Correct
Central America
75%
Central Asia
75%
Eastern Africa
75%
Eastern Asia
75%
Eastern Europe
75%
Northern Africa
75%
Northern America
75%
Northern Europe
75%
South America
75%
Southeastern Asia
75%
Southern Africa
75%
Southern Asia
75%
Southern Europe
75%
Western Africa
75%
Western Asia
75%
Western Europe
75%
Australia and New Zealand
50%
Carribean
25%
Melanesia
25%
Micronesia
25%
Middle Africa
25%
Polynesia
25%
No matching quizzes found
Score Distribution
Percent of People with Each Score
Percentile by Number Answered
Your Score History
You have not taken this quiz